Guess mammals by image - Statistics

General Stats
  • This quiz has been taken 39 times
  • The average score is 75 of 136
Answer Stats
Picture Answer % Correct
Koala
100%
Platypus
100%
Red kangaroo
90%
Hedgehog
86%
Anteater
83%
Armadillo
83%
Giraffe
83%
Hippopotamus
83%
Llama
83%
Mole
83%
Moose
83%
Sloth
83%
Tasmanian devil
83%
African elephant
79%
Bison
76%
Manatee
76%
Panda
76%
Reindeer/Caribou
76%
Walrus
76%
Alpaca
72%
Black bear
72%
Brown bear/Grizzly
72%
Cheetah
72%
Dolphin
72%
Fox
72%
Gorilla
72%
Human
72%
Lion
72%
Orangutan
72%
Orca/Killer whale
72%
Otter
72%
Polar bear
72%
Rabbit
72%
Rhino
72%
Sheep
72%
Tiger
72%
Wapiti/Elk/Deer
72%
Wolf
72%
Zebra
72%
Bat
69%
Beaver
69%
Boar
69%
Camel
69%
Donkey
69%
Goat
69%
Horse
69%
Hyena
69%
Lemur
69%
Red panda
69%
Skunk
69%
Squirrel
69%
Wombat
69%
Asian elephant
66%
Chimpanzee
66%
Cow/Bull
66%
Guinea pig
66%
Leopard
66%
Raccoon
66%
Beluga
62%
Narwhal
62%
Seal
62%
Warthog
62%
Yak
62%
Blue whale
59%
chinchilla
59%
Hare
59%
Jaguar
59%
Meerkat/Suricate
59%
Rat
59%
Wildebeest
59%
Badger
55%
Coyote
55%
Echidna
55%
Okapi
55%
Opossum
55%
Puma/Cougar
55%
Sea lion
55%
Snow leopard
55%
Tapir
55%
Ferret
52%
Flying squirrel
52%
Hamster
52%
Lynx
52%
Porcupine
52%
Wallaby
52%
Weasel
52%
Baboon
48%
Buffalo
48%
Humpback whale
48%
Mouse
48%
Sperm whale
48%
Cat
45%
Dromedary
45%
Dugong
45%
Wolverine
45%
Elephant seal
41%
Gazelle
41%
Honey badger
41%
Pangolin
41%
Quokka
41%
Bonobo
38%
Mountain goat
38%
Muskox
38%
Shrew
38%
Arctic fox
34%
Flying fox
34%
Mandrill
34%
Wild dog
34%
Gibbon
31%
Grey kangaroo
31%
Ibex
31%
Impala
31%
Ocelot
31%
Caracal
28%
Clouded leopard
28%
Fallow deer
28%
Grey whale
28%
Jackal
28%
Leopard seal
28%
Mongoose
28%
River dolphin
28%
Roe deer
28%
Arctic hare
24%
Bighorn
24%
Guanaco
24%
Marmot
24%
Marten/Beech marten
24%
Oryx
24%
Prairie dog
24%
Pronghorn
24%
Macaque
21%
Chamois
17%
Japanese macaque
17%
Lemming
17%
Stoat
17%
Dormouse
7%
No matching quizzes found
Score Distribution
Percent of People with Each Score
Percentile by Number Answered
Your Score History
You have not taken this quiz